000 00652nam a2200241 i 4500
001 bgj
100 1 _aSIMON, Nissa
245 1 0 _aDon't worry, you're normal :
_bteenager's guide to self-health /
_cNissa Simon.
260 _a[S.l.],
_c[1982 ?].
300 _aXI, 179 pp :
_btables ;
_c20 cm.
490 1 _aA Harper Trophy Book
505 _aIncludes index.
650 9 _aHealth
650 9 _aYouth
_xHealth and hygiene
655 _aJuvenile literature
830 _aA Harper Trophy Book
020 _a0064460207
040 _cBPK
041 0 _aeng
920 _a0-06-446020-7
942 _cKS
008 s uk f |000 0 eng
999 _c47567
_d47567